<?xml version="1.0" encoding="UTF-8"?>
<record
    xmlns:xsi="http://www.w3.org/2001/XMLSchema-instance"
    xsi:schemaLocation="http://www.loc.gov/MARC21/slim http://www.loc.gov/standards/marcxml/schema/MARC21slim.xsd"
    xmlns="http://www.loc.gov/MARC21/slim">

  <leader>00463nam a22001217a 4500</leader>
  <datafield tag="040" ind1=" " ind2=" ">
    <subfield code="c">RUA</subfield>
  </datafield>
  <datafield tag="082" ind1=" " ind2=" ">
    <subfield code="a">AFS CIA 2018 A126 Or.</subfield>
  </datafield>
  <datafield tag="100" ind1=" " ind2=" ">
    <subfield code="a">CIAT,USAID, MEKONG INSTITUTE,RUA,AFSA.,UCDAVIS.</subfield>
  </datafield>
  <datafield tag="245" ind1=" " ind2=" ">
    <subfield code="a">4th AFSA Internationnal Conference On Food Safety And Food Security (AFSA2018)10-12 August 2018, Angkor Paradise Hotel Siem Reap, Cambodia,Technical Program &amp; Book Of Abstracts,</subfield>
  </datafield>
  <datafield tag="260" ind1=" " ind2=" ">
    <subfield code="a">PHNOM PENH</subfield>
    <subfield code="b">RUA</subfield>
    <subfield code="c">2018</subfield>
  </datafield>
  <datafield tag="300" ind1=" " ind2=" ">
    <subfield code="a">106p.</subfield>
    <subfield code="b">ill.</subfield>
    <subfield code="c">29cm,</subfield>
  </datafield>
  <datafield tag="942" ind1=" " ind2=" ">
    <subfield code="c">EK</subfield>
  </datafield>
  <datafield tag="999" ind1=" " ind2=" ">
    <subfield code="c">25380</subfield>
    <subfield code="d">25380</subfield>
  </datafield>
  <datafield tag="952" ind1=" " ind2=" ">
    <subfield code="0">0</subfield>
    <subfield code="1">0</subfield>
    <subfield code="4">0</subfield>
    <subfield code="6">AFS_CIA_2018_000000000000000_A126_OR</subfield>
    <subfield code="7">0</subfield>
    <subfield code="9">105606</subfield>
    <subfield code="a">LBA</subfield>
    <subfield code="b">LBA</subfield>
    <subfield code="c">A126</subfield>
    <subfield code="d">2025-07-16</subfield>
    <subfield code="o">AFS CIA 2018 A126 Or.</subfield>
    <subfield code="p">A083895</subfield>
    <subfield code="r">2025-07-16</subfield>
    <subfield code="y">EK</subfield>
  </datafield>
</record>
